[Event "Kouty nad Desnou Losin Kapor op"]
[Site "Kouty nad Desnou"]
[Date "2019.12.14"]
[Round "2"]
[White "Sorm, Daniel"]
[Black "Kozak, Pavel"]
[Result "1-0"]
[WhiteElo "2317"]
[BlackElo "1929"]
[PlyCount "45"]
[EventDate "2019.12.14"]
[EventType "swiss (rapid)"]
[EventRounds "9"]
[EventCountry "CZE"]
[SourceTitle "CBM 193 Extra"]
[Source "ChessBase"]
[SourceDate "2020.01.31"]
[SourceVersion "1"]
[SourceVersionDate "2020.01.31"]
[SourceQuality "1"]

1. d4 f5 2. e4 d6 3. exf5 Bxf5 4. Bd3 Bxd3 5. Qxd3 Nf6 6. Nf3 Nc6 7. d5 Ne5 8. Nxe5 dxe5 9. Qb5+ Nd7 10. Qxb7 g6 11. Nc3 Bg7 12. Nb5 0-0 13. Nxc7 Rb8 14. Qxa7 Nf6 15. Ne6 Qxd5 16. Nxf8 Qxg2 17. Rf1 Rxf8 18. Be3 Ng4 19. 0-0-0 Ra8 20. Qc5 Nxh2 21. Rh1 Ng4 22. Rhg1 Qe4 23. Rxg4 1-0

[Event "Pobeskydy op"]
[Site "Frydek Mistek"]
[Date "2018.03.31"]
[Round "5"]
[White "Pilch, Roman"]
[Black "Kozak, Pavel"]
[Result "1-0"]
[WhiteElo "2134"]
[BlackElo "1895"]
[PlyCount "77"]
[EventDate "2018.03.29"]
[EventType "swiss"]
[EventRounds "9"]
[EventCountry "CZE"]
[SourceTitle "CBM 183 Extra"]
[Source "ChessBase"]
[SourceDate "2018.04.19"]
[SourceVersion "1"]
[SourceVersionDate "2018.04.19"]
[SourceQuality "1"]

1. Nf3 f5 2. b3 Nf6 3. Bb2 b6 4. e3 Bb7 5. d4 e6 6. Bd3 Be7 7. c4 0-0 8. Nc3 Ne4 9. 0-0 Nxc3 10. Bxc3 d6 11. Nd2 Nd7 12. Qc2 Qe8 13. f4 Nf6 14. e4 Qh5 15. Rae1 fxe4 16. Nxe4 h6 17. Ng3 Qh4 18. Bf5 e5 19. Be6+ Kh8 20. Nf5 Qg4 21. h3 Qg6 22. d5 Nh5 23. fxe5 dxe5 24. Bxe5 Bc5+ 25. Kh2 Rae8 26. g4 Nf6 27. Bxc7 Bc8 28. Bxc8 Rxc8 29. Bg3 h5 30. g5 Qxg5 31. Bh4 Qg6 32. Re2 Nxd5 33. Rg2 Bd6+ 34. Kh1 Qf7 35. Qc1 Ne7 36. Rxg7 Qxg7 37. Nxg7 Rxf1+ 38. Qxf1 Kxg7 39. Qf6+ 1-0

[Event "Pobeskydy op"]
[Site "Frydek Mistek"]
[Date "2016.03.26"]
[Round "5"]
[White "Banas, Kamil"]
[Black "Kozak, Pavel"]
[Result "1/2-1/2"]
[WhiteElo "2215"]
[BlackElo "1944"]
[PlyCount "102"]
[EventDate "2016.03.24"]
[EventType "swiss"]
[EventRounds "9"]
[EventCountry "CZE"]
[SourceTitle "CBM 171 Extra"]
[Source "ChessBase"]
[SourceDate "2016.04.26"]
[SourceVersion "1"]
[SourceVersionDate "2016.04.26"]
[SourceQuality "1"]

1. e4 e6 2. d4 d5 3. Nc3 dxe4 4. Nxe4 Nf6 5. Nxf6+ Qxf6 6. Nf3 h6 7. Bd3 Bd6 8. 0-0 Bd7 9. Re1 Bc6 10. Ne5 Bxe5 11. dxe5 Qe7 12. Qg4 Nd7 13. Qxg7 0-0-0 14. Bh7 Qh4 15. Bxh6 Nf8 16. Qxh8 Qxh6 17. Rad1 Nd7 18. Qxd8+ Kxd8 19. Be4 Bxe4 20. Rxe4 c5 21. f4 Ke7 22. g3 Qh5 23. Ree1 Nb6 24. Kg2 Qf5 25. Re2 Nd5 26. Rdd2 b5 27. h4 Qg4 28. Kh2 a5 29. c3 Nb6 30. Rf2 Qf5 31. a3 Nc4 32. Rde2 a4 33. Kg2 Qg4 34. Kh2 Nb6 35. Rd2 Nd5 36. f5 Qe4 37. f6+ Kf8 38. Rfe2 Qg4 39. Re1 Kg8 40. Rf2 Kh7 41. Kg2 Kg6 42. Kh2 Kh5 43. Kg2 Qc4 44. Rfe2 Qd3 45. Re4 Kh6 46. R4e2 Nb6 47. Kh3 Qf5+ 48. Kh2 Qf3 49. Kh3 Nc4 50. Kh2 Kh7 51. Kh3 Kh6 1/2-1/2

[Event "Pobeskydy op"]
[Site "Frydek Mistek"]
[Date "2013.03.30"]
[Round "6"]
[White "Kula, Dominik"]
[Black "Kozak, Pavel"]
[Result "1-0"]
[WhiteElo "1831"]
[BlackElo "2032"]
[PlyCount "21"]
[EventDate "2013.03.28"]
[EventType "swiss"]
[EventRounds "9"]
[EventCountry "CZE"]
[SourceTitle "CBM 153 Extra"]
[Source "ChessBase"]
[SourceDate "2013.04.22"]
[SourceVersion "1"]
[SourceVersionDate "2013.04.22"]
[SourceQuality "1"]

1. e4 e6 2. d4 d5 3. Nc3 dxe4 4. Nxe4 Be7 5. Nf3 Nf6 6. Bd3 b6 7. Qe2 0-0 8. Nxf6+ Bxf6 9. Qe4 g6 10. Qxa8 c6 11. Qxb8 1-0

[Event "Pobeskydy op"]
[Site "Frydek Mistek"]
[Date "2013.03.28"]
[Round "1"]
[White "Kozak, Pavel"]
[Black "Novotny, Adam"]
[Result "0-1"]
[WhiteElo "2032"]
[BlackElo "1915"]
[PlyCount "68"]
[EventDate "2013.03.28"]
[EventType "swiss"]
[EventRounds "9"]
[EventCountry "CZE"]
[SourceTitle "CBM 153 Extra"]
[Source "ChessBase"]
[SourceDate "2013.04.22"]
[SourceVersion "1"]
[SourceVersionDate "2013.04.22"]
[SourceQuality "1"]

1. e4 c5 2. c4 Nc6 3. Nc3 g6 4. f4 Bg7 5. Nf3 d6 6. Be2 Nf6 7. 0-0 0-0 8. Kh1 Rb8 9. Rb1 Ne8 10. a3 a5 11. Nb5 Nc7 12. Nxc7 Qxc7 13. d3 Bd7 14. Qe1 Nd4 15. Bd2 Nxe2 16. Qxe2 b5 17. cxb5 Rxb5 18. Bc3 Bxc3 19. bxc3 Rfb8 20. Qc2 c4 21. Nd4 cxd3 22. Qxd3 Rxb1 23. Rxb1 Rxb1+ 24. Qxb1 Qxc3 25. Ne2 Qxa3 26. Qb8+ Kg7 27. Qd8 Bb5 28. Ng1 Qa2 29. Qxe7 Bf1 30. Qg5 a4 31. e5 Bxg2+ 32. Qxg2 Qxg2+ 33. Kxg2 a3 34. exd6 Kf6 0-1

[Event "Frydek Mistek op"]
[Site "Frydek Mistek"]
[Date "2012.04.07"]
[Round "6"]
[White "Svoboda, Matej"]
[Black "Kozak, Pavel"]
[Result "1/2-1/2"]
[WhiteElo "1966"]
[BlackElo "2047"]
[PlyCount "133"]
[EventDate "2012.04.05"]
[EventType "swiss"]
[EventRounds "9"]
[EventCountry "CZE"]
[SourceTitle "CBM 147 Extra"]
[Source "ChessBase"]
[SourceDate "2012.04.24"]
[SourceVersion "1"]
[SourceVersionDate "2012.04.24"]
[SourceQuality "1"]

1. e4 e6 2. d4 d5 3. Nd2 dxe4 4. Nxe4 Nf6 5. Nxf6+ gxf6 6. Nf3 b6 7. Bf4 Bb7 8. Be2 Nd7 9. Qd2 f5 10. 0-0-0 Nf6 11. Ne5 a6 12. Bf3 Ne4 13. Qe3 h5 14. h4 Be7 15. g3 Rh7 16. Qe2 Qd5 17. c4 Qa5 18. Kb1 0-0-0 19. Rhf1 f6 20. Ng6 Ba3 21. Bxe4 Bxe4+ 22. Ka1 Bxb2+ 23. Kxb2 Qb4+ 24. Ka1 Qc3+ 25. Qb2 Qxb2+ 26. Kxb2 Rg8 27. Ne5 fxe5 28. Bxe5 b5 29. c5 c6 30. Kc3 a5 31. a3 Rb7 32. Ra1 Kd7 33. Rfe1 Ra8 34. Rec1 Kc8 35. Re1 Bd5 36. Rec1 Rba7 37. Kb2 Kb7 38. Re1 Ka6 39. Kc3 Rb7 40. Reb1 Be4 41. Rb2 Rba7 42. Rd2 Kb7 43. Rb2 Bd5 44. Rbb1 Kc8 45. Kb2 b4 46. axb4 axb4 47. Rxa7 Rxa7 48. Ra1 Rxa1 49. Kxa1 Kb7 50. Kb2 Ka6 51. Bf4 Kb5 52. Be5 Kc4 53. Bf6 Kd3 54. Be5 Ke2 55. Bf4 Kxf2 56. Bd6 Ke3 57. Be5 Ke4 58. Kc2 Ke3 59. Kb2 Kd3 60. Bf6 Bc4 61. Be5 Ke4 62. Bf6 f4 63. gxf4 Kxf4 64. Bg5+ Kf5 65. Kc2 e5 66. dxe5 Kxe5 67. Kb2 1/2-1/2

[Event "CZE-chT2F 1112"]
[Site "Czech Republic"]
[Date "2012.01.08"]
[Round "5.14"]
[White "Bures, Martin R"]
[Black "Kozak, Pavel"]
[Result "1/2-1/2"]
[WhiteElo "2149"]
[BlackElo "2047"]
[PlyCount "36"]
[EventDate "2011.10.09"]
[EventType "team-tourn"]
[EventRounds "11"]
[EventCountry "CZE"]
[SourceTitle "EXT 2013"]
[Source "ChessBase"]
[SourceDate "2012.11.22"]
[SourceVersion "1"]
[SourceVersionDate "2012.11.22"]
[SourceQuality "1"]
[WhiteTeam "Havirov II"]
[BlackTeam "Dolni Benesov"]
[WhiteTeamCountry "CZE"]
[BlackTeamCountry "CZE"]

1. Nf3 f5 2. d4 Nf6 3. g3 b6 4. Bg2 Bb7 5. c4 e6 6. Nc3 Ne4 7. Nxe4 Bxe4 8. Bg5 Be7 9. Bxe7 Qxe7 10. 0-0 0-0 11. Ne5 Bxg2 12. Kxg2 d6 13. Nd3 Nd7 14. e3 e5 15. d5 a5 16. b3 Rf6 17. f4 Raf8 18. Qd2 e4 1/2-1/2

[Event "CZE-chT2F 1112"]
[Site "Czech Republic"]
[Date "2011.11.06"]
[Round "2.4"]
[White "Kozak, Pavel"]
[Black "Kubeczka, Ales"]
[Result "1/2-1/2"]
[WhiteElo "2047"]
[BlackElo "1975"]
[PlyCount "103"]
[EventDate "2011.10.09"]
[EventType "team-tourn"]
[EventRounds "11"]
[EventCountry "CZE"]
[SourceTitle "EXT 2013"]
[Source "ChessBase"]
[SourceDate "2012.11.22"]
[SourceVersion "1"]
[SourceVersionDate "2012.11.22"]
[SourceQuality "1"]
[WhiteTeam "Dolni Benesov"]
[BlackTeam "Havirov Slovan"]
[WhiteTeamCountry "CZE"]
[BlackTeamCountry "CZE"]

1. e4 c6 2. d4 d5 3. Nd2 dxe4 4. Nxe4 Nd7 5. Nf3 Ngf6 6. Nxf6+ Nxf6 7. g3 Bg4 8. Bg2 Qb6 9. 0-0 0-0-0 10. c3 e5 11. Qb3 Bxf3 12. Bxf3 Qxb3 13. axb3 exd4 14. Rxa7 Bc5 15. Ra8+ Kc7 16. Bf4+ Kb6 17. Rxd8 Rxd8 18. Rd1 Rd7 19. c4 Bb4 20. g4 h6 21. h4 Kc5 22. g5 hxg5 23. hxg5 Nh7 24. Be4 g6 25. Kf1 Ba5 26. Ke2 Bd8 27. Rg1 Nf8 28. Bd2 Ne6 29. Kd3 Kd6 30. b4 b6 31. f4 Ra7 32. Rh1 c5 33. b5 Ke7 34. Rh7 Nf8 35. Rh8 Ra1 36. b4 Ra3+ 37. Kc2 Ra2+ 38. Kd1 Ne6 39. Bd5 Bc7 40. Rc8 Ra1+ 41. Kc2 Ra2+ 42. Kc1 Ra7 43. Bc6 Bd8 44. bxc5 Ra4 45. Bd5 Nxc5 46. Ra8 Rxa8 47. Bxa8 Nb3+ 48. Kc2 Nxd2 49. Kxd2 Bc7 50. f5 gxf5 51. Kd3 Be5 52. Bd5 1/2-1/2

[Event "CZE-chT2F 1011"]
[Site "Czech Republic"]
[Date "2011.04.10"]
[Round "11.5"]
[White "Kozak, Pavel"]
[Black "Polacek, Michal"]
[Result "1/2-1/2"]
[WhiteElo "2068"]
[BlackElo "2006"]
[PlyCount "32"]
[EventDate "2010.10.17"]
[EventType "team-tourn"]
[EventRounds "11"]
[EventCountry "CZE"]
[SourceTitle "EXT 2012"]
[Source "ChessBase"]
[SourceDate "2011.11.24"]
[SourceVersion "1"]
[SourceVersionDate "2011.11.24"]
[SourceQuality "1"]
[WhiteTeam "Benesov"]
[BlackTeam "Ostrava Mittal II"]
[WhiteTeamCountry "CZE"]
[BlackTeamCountry "CZE"]

1. e4 e5 2. Nf3 Nc6 3. Bb5 a6 4. Ba4 Nf6 5. 0-0 Nxe4 6. d4 b5 7. Bb3 d5 8. dxe5 Be6 9. Nbd2 Nc5 10. c3 d4 11. Bxe6 Nxe6 12. a4 dxc3 13. bxc3 b4 14. Qc2 Qd5 15. c4 Qd7 16. Nb3 Rd8 1/2-1/2

[Event "Pobeskydy ArcelorMittal op 21st"]
[Site "Frydek Mistek"]
[Date "2010.04.05"]
[Round "9"]
[White "Cyfka, Karina"]
[Black "Kozak, Pavel"]
[Result "1/2-1/2"]
[WhiteElo "2302"]
[BlackElo "2042"]
[PlyCount "42"]
[EventDate "2010.04.01"]
[EventType "swiss"]
[EventRounds "9"]
[EventCountry "CZE"]
[SourceTitle "CBM 135 Extra"]
[Source "ChessBase"]
[SourceDate "2010.05.04"]
[SourceVersion "1"]
[SourceVersionDate "2010.05.04"]
[SourceQuality "1"]

1. e4 e6 2. d4 d5 3. Nd2 dxe4 4. Nxe4 Nf6 5. Ng3 c5 6. Nf3 Nc6 7. c3 cxd4 8. cxd4 Bb4+ 9. Bd2 0-0 10. Bxb4 Nxb4 11. Be2 b6 12. 0-0 Ba6 13. Bxa6 Nxa6 14. Ne5 Qd5 15. Ne2 Rfd8 16. Qa4 Nc7 17. Rac1 Qb5 18. Qxb5 Nxb5 19. Nc6 Re8 20. Rc2 Nc7 21. Nc3 a6 1/2-1/2

[Event "Pobeskydy ArcelorMittal op 21st"]
[Site "Frydek Mistek"]
[Date "2010.04.04"]
[Round "8"]
[White "Kozak, Pavel"]
[Black "Mroziak, Maciej"]
[Result "0-1"]
[WhiteElo "2042"]
[BlackElo "2023"]
[PlyCount "84"]
[EventDate "2010.04.01"]
[EventType "swiss"]
[EventRounds "9"]
[EventCountry "CZE"]
[SourceTitle "CBM 135 Extra"]
[Source "ChessBase"]
[SourceDate "2010.05.04"]
[SourceVersion "1"]
[SourceVersionDate "2010.05.04"]
[SourceQuality "1"]

1. e4 c5 2. Nf3 Nc6 3. c4 e5 4. Nc3 d6 5. d3 Bg4 6. h3 Bxf3 7. gxf3 Nge7 8. f4 Nd4 9. a3 Nec6 10. Bg2 g6 11. fxe5 dxe5 12. 0-0 Bg7 13. Nd5 0-0 14. b4 b6 15. b5 Ne7 16. a4 Qd6 17. a5 Nxd5 18. exd5 a6 19. axb6 axb5 20. Rxa8 Rxa8 21. b7 Rb8 22. f4 Rxb7 23. fxe5 Bxe5 24. cxb5 Rxb5 25. Be3 Nf5 26. Bf2 Rb2 27. Qa4 Bd4 28. Bxd4 cxd4 29. Qe8+ Kg7 30. Qe4 Rxg2+ 31. Qxg2 Ne3 32. Qf2 Nxf1 33. Qxf1 Qxd5 34. Qf4 h6 35. Kh2 g5 36. Qg3 Qa2+ 37. Kg1 Qb1+ 38. Kg2 Qc2+ 39. Kf1 Qc1+ 40. Ke2 Qe3+ 41. Qxe3 dxe3 42. Kxe3 f5 0-1

[Event "Pobeskydy ArcelorMittal op"]
[Site "Frydek Mistek"]
[Date "2009.04.10"]
[Round "3"]
[White "Kozak, Pavel"]
[Black "Mikrut, Dariusz"]
[Result "0-1"]
[WhiteElo "2114"]
[BlackElo "2394"]
[PlyCount "94"]
[EventDate "2009.04.09"]
[EventType "swiss"]
[EventRounds "9"]
[EventCountry "CZE"]
[SourceTitle "CBM 129 Extra"]
[Source "ChessBase"]
[SourceDate "2009.05.05"]
[SourceVersion "2"]
[SourceVersionDate "2009.05.20"]
[SourceQuality "1"]

1. e4 c5 2. c4 d6 3. Nc3 Nc6 4. Nf3 Bg4 5. Be2 Bxf3 6. Bxf3 g6 7. d3 Bg7 8. g3 e6 9. Bf4 Nge7 10. 0-0 Nd4 11. Bg2 0-0 12. Qd2 Nec6 13. Rad1 a6 14. Bh6 b5 15. Bxg7 Kxg7 16. f4 b4 17. Na4 e5 18. b3 f6 19. f5 g5 20. h4 gxh4 21. gxh4 Ra7 22. Kf2 Rg8 23. Rg1 Kh8 24. Bh1 Rag7 25. Rxg7 Rxg7 26. Rg1 Rxg1 27. Kxg1 Qg8+ 28. Kf2 Qg4 29. Qh6 Qf4+ 30. Qxf4 exf4 31. Nb6 Ne5 32. Nc8 Nxd3+ 33. Kf1 f3 34. Nxd6 Kg7 35. e5 Nxe5 36. Ne4 Nd3 37. Nd2 Nxf5 38. Bxf3 Nc1 39. Bb7 Nxa2 40. Ne4 a5 41. Nxc5 Nd4 42. Na4 Nxb3 43. c5 Nc3 44. Nb2 Nxc5 45. Bc6 a4 46. Ke1 a3 47. Nd1 a2 0-1

[Event "Pobeskydy op"]
[Site "Frydek Mistek"]
[Date "2008.03.24"]
[Round "9"]
[White "Kozak, Pavel"]
[Black "Rabatin, Jakub"]
[Result "1/2-1/2"]
[WhiteElo "2157"]
[BlackElo "1987"]
[PlyCount "146"]
[EventDate "2008.03.20"]
[EventType "swiss"]
[EventRounds "9"]
[EventCountry "CZE"]
[SourceTitle "EXT 2010"]
[Source "ChessBase"]
[SourceDate "2010.11.25"]
[SourceVersion "1"]
[SourceVersionDate "2010.11.25"]
[SourceQuality "1"]

1. e4 c5 2. c4 d6 3. Nc3 Nc6 4. d3 g6 5. f4 Bg7 6. Nf3 e6 7. Be3 Nge7 8. Qd2 a6 9. g3 Nd4 10. Bxd4 cxd4 11. Ne2 Qb6 12. Rc1 Nc6 13. Bg2 0-0 14. 0-0 f5 15. exf5 gxf5 16. Kh1 Bd7 17. Rce1 Rae8 18. a3 a5 19. Rb1 a4 20. b4 axb3 21. Nc1 Qc5 22. Rxb3 Na5 23. Rb2 e5 24. fxe5 dxe5 25. Qb4 Qc7 26. Nd2 Bc6 27. Qb6 Bxg2+ 28. Kxg2 Qxb6 29. Rxb6 e4 30. Rb5 Bh6 31. Rxa5 Bxd2 32. Rd5 Be3 33. Ne2 exd3 34. Nxd4 Bxd4 35. Rxd4 Rd8 36. Rxd8 Rxd8 37. Rd1 d2 38. Kf3 Kg7 39. Ke3 Ra8 40. Rxd2 Rxa3+ 41. Kf4 Rc3 42. Rd4 Kg6 43. h4 Rc1 44. Rd6+ Kg7 45. Kg5 Rxc4 46. Rd7+ Kg8 47. Kxf5 b5 48. h5 Rc6 49. Rb7 Rc5+ 50. Kf6 Rc6+ 51. Kg5 Rc5+ 52. Kh4 Rc4+ 53. g4 b4 54. h6 Rc6 55. Kh5 Rc5+ 56. g5 Rc1 57. Rxb4 Rh1+ 58. Kg4 Rg1+ 59. Kf5 Rf1+ 60. Rf4 Ra1 61. Re4 Rf1+ 62. Ke6 Ra1 63. Re5 Ra6+ 64. Kf5 Rb6 65. Rd5 Rb8 66. Kf6 Rb6+ 67. Kf5 Rb8 68. Re5 Rf8+ 69. Ke6 Re8+ 70. Kd6 Rxe5 71. Kxe5 Kf7 72. Kf5 Kg8 73. Kf6 Kh8 1/2-1/2

[Event "Pobeskydy op"]
[Site "Frydek Mistek"]
[Date "2008.03.23"]
[Round "7"]
[White "Kozak, Pavel"]
[Black "Krejci, Jan"]
[Result "1-0"]
[WhiteElo "2157"]
[BlackElo "2095"]
[PlyCount "113"]
[EventDate "2008.03.20"]
[EventType "swiss"]
[EventRounds "9"]
[EventCountry "CZE"]
[SourceTitle "EXT 2010"]
[Source "ChessBase"]
[SourceDate "2010.11.25"]
[SourceVersion "1"]
[SourceVersionDate "2010.11.25"]
[SourceQuality "1"]

1. e4 e5 2. Nf3 Nf6 3. d3 Nc6 4. Bg5 h6 5. Bh4 Be7 6. Be2 d6 7. h3 Be6 8. c4 Qd7 9. a3 a5 10. Nc3 Nh7 11. Bxe7 Nxe7 12. d4 exd4 13. Nxd4 0-0 14. Nxe6 Qxe6 15. 0-0 Rad8 16. Qc2 Rfe8 17. Rad1 Nf8 18. Nb5 Qc8 19. Bg4 Qb8 20. Rd2 b6 21. f4 Nd7 22. Nd4 c6 23. Bxd7 Rxd7 24. f5 f6 25. Ne6 c5 26. Qa4 Qb7 27. Rfd1 Nc8 28. Rd5 Rde7 29. b4 Qa6 30. b5 Qb7 31. Qc2 g5 32. Qe2 Rh7 33. h4 Qf7 34. Qf3 Kh8 35. Kf2 Rg8 36. Rh1 g4 37. Qg3 h5 38. Rhd1 Qb7 39. Ke3 Re8 40. Qf2 Kg8 41. g3 Rd7 42. Qf4 Kh7 43. e5 fxe5 44. Qg5 Rxe6 45. fxe6 Rg7 46. Qxh5+ Kg8 47. Qe8+ Kh7 48. Qc6 Qe7 49. Qxc8 Qf6 50. Rxd6 Qf3+ 51. Kd2 Qf2+ 52. Kc3 e4 53. Qe8 Qxg3+ 54. Kc2 Qxh4 55. Qf8 Qh2+ 56. R6d2 Qe5 57. Qe8 1-0

[Event "Moravia-Silesia Region-chT 0708"]
[Site "Czech Republic"]
[Date "2008.02.24"]
[Round "8.4"]
[White "Lipovsky, Tomas"]
[Black "Kozak, Pavel"]
[Result "0-1"]
[WhiteElo "2039"]
[BlackElo "2157"]
[PlyCount "92"]
[EventDate "2007.10.28"]
[EventType "team-tourn"]
[EventRounds "11"]
[EventCountry "CZE"]
[SourceTitle "EXT 2024"]
[Source "ChessBase"]
[SourceDate "2023.10.10"]
[SourceVersion "1"]
[SourceVersionDate "2023.10.10"]
[SourceQuality "1"]

1. e4 c5 2. c3 e6 3. d4 b6 4. Nf3 Be7 5. Bd3 Nf6 6. e5 Ng8 7. Be4 Nc6 8. 0-0 Bb7 9. a3 f5 10. Bc2 Qc7 11. Re1 Na5 12. b4 cxb4 13. axb4 Nc4 14. Nbd2 Nxd2 15. Bxd2 Nh6 16. Qe2 Nf7 17. c4 a5 18. bxa5 bxa5 19. d5 Bc5 20. Bf4 0-0 21. g3 g6 22. h4 Rfc8 23. Rec1 Re8 24. h5 Qd8 25. Rd1 d6 26. Ba4 Re7 27. exd6 Nxd6 28. Bg5 Ne4 29. Bxe7 Qxe7 30. Nd4 e5 31. Nc6 Qg5 32. g4 Nxf2 33. Kf1 Ne4 34. Rd3 Rf8 35. Ke1 Qh4+ 36. Kd1 Qh1+ 37. Qe1 Qg2 38. Rb1 Qa2 39. Bc2 Nf2+ 40. Kd2 Ne4+ 41. Kd1 Nf2+ 42. Kd2 Nxd3 43. Kxd3 e4+ 44. Kd2 Bxc6 45. dxc6 Rd8+ 46. Kc3 Bd4+ 0-1

[Event "CZE-chT2f 0607"]
[Site "Czech Republic"]
[Date "2007.03.25"]
[Round "10.3"]
[White "Kozak, Pavel"]
[Black "Beseda, Roman"]
[Result "1/2-1/2"]
[WhiteElo "2158"]
[BlackElo "2102"]
[PlyCount "68"]
[EventDate "2006.10.14"]
[EventType "team"]
[EventRounds "11"]
[EventCountry "CZE"]
[SourceTitle "EXT 2009"]
[Source "ChessBase"]
[SourceDate "2008.11.26"]
[SourceVersion "1"]
[SourceVersionDate "2008.11.26"]
[SourceQuality "1"]

1. e4 e6 2. c4 d5 3. exd5 exd5 4. d4 Nf6 5. Nf3 Be7 6. b3 0-0 7. Be2 c6 8. 0-0 Re8 9. Nc3 Ne4 10. Bb2 Nxc3 11. Bxc3 Be6 12. c5 Nd7 13. Re1 Bf6 14. b4 Bf5 15. a4 a6 16. Qd2 Nf8 17. b5 axb5 18. axb5 Rxa1 19. Rxa1 Ne6 20. Re1 Ng5 21. Nxg5 Bxg5 22. f4 Bh4 23. g3 Bf6 24. Bf3 Rxe1+ 25. Qxe1 h6 26. b6 Qd7 27. Qe2 g6 28. g4 Bb1 29. Kg2 Qd8 30. Qe3 Ba2 31. f5 g5 32. Be1 Bc4 33. Bg3 Qa8 34. Be5 Qe8 1/2-1/2

[Event "CZE-chT2f 0607"]
[Site "Czech Republic"]
[Date "2006.12.03"]
[Round "4.3"]
[White "Kozak, Pavel"]
[Black "Potomak, Vladimir"]
[Result "1/2-1/2"]
[WhiteElo "2158"]
[BlackElo "2245"]
[PlyCount "26"]
[EventDate "2006.10.14"]
[EventType "team"]
[EventRounds "11"]
[EventCountry "CZE"]
[SourceTitle "EXT 2009"]
[Source "ChessBase"]
[SourceDate "2008.11.26"]
[SourceVersion "1"]
[SourceVersionDate "2008.11.26"]
[SourceQuality "1"]

1. e4 c5 2. Nf3 e6 3. d4 cxd4 4. Nxd4 a6 5. Be2 Nf6 6. Nc3 Qc7 7. 0-0 Nc6 8. Nxc6 bxc6 9. Bg5 Be7 10. Kh1 0-0 11. Qd2 d5 12. Rad1 Bb7 13. f3 Rfd8 1/2-1/2

[Event "CZE-chT2f 0506"]
[Site "Czech Republic"]
[Date "2006.02.12"]
[Round "7.3"]
[White "Kozak, Pavel"]
[Black "Nabelek, Marek"]
[Result "1-0"]
[WhiteElo "2176"]
[BlackElo "2158"]
[PlyCount "127"]
[EventDate "2005.10.16"]
[EventType "team"]
[EventRounds "11"]
[EventCountry "CZE"]
[SourceTitle "EXT 2009"]
[Source "ChessBase"]
[SourceDate "2008.11.26"]
[SourceVersion "1"]
[SourceVersionDate "2008.11.26"]
[SourceQuality "1"]

1. e4 c5 2. c4 Nc6 3. Nc3 g6 4. f4 d6 5. Nf3 Bg4 6. Be2 Bg7 7. 0-0 e6 8. d3 Nge7 9. h3 Bxf3 10. Bxf3 0-0 11. Be3 Nd4 12. Qd2 Qa5 13. Bg4 f5 14. Bd1 Nec6 15. Rf2 a6 16. Kh1 b5 17. Rc1 b4 18. Na4 Ra7 19. g3 Raf7 20. a3 bxa3 21. Qxa5 Nxa5 22. bxa3 Rb8 23. e5 dxe5 24. Nxc5 exf4 25. gxf4 Rb6 26. Na4 Rc6 27. Rb1 Rfc7 28. Rb8+ Rc8 29. Rfb2 R6c7 30. Rxc8+ Rxc8 31. Rb6 Rc6 32. Rb8+ Kf7 33. Bd2 Rd6 34. Bxa5 Nc6 35. Rb7+ Kg8 36. Bb4 Rxd3 37. Be2 Re3 38. Bf1 Re4 39. Bd6 Na5 40. Rb8+ Kf7 41. Rc8 Bh6 42. Nc5 Rd4 43. Rc7+ Kg8 44. Be5 Rd1 45. Kg2 Rd2+ 46. Kg1 Ra2 47. Nd7 Bg7 48. Bxg7 Kxg7 49. Ne5+ Kg8 50. Ra7 Nb3 51. Rxa6 Nd2 52. Rd6 Ne4 53. Rd3 Kg7 54. Bg2 Nc5 55. Rc3 h6 56. Nd3 Na4 57. Rb3 Rc2 58. Rb4 Nc3 59. Rb2 Rxb2 60. Nxb2 Kf6 61. a4 e5 62. a5 Ne2+ 63. Kf2 Nxf4 64. Bd5 1-0

[Event "CZE-chT2f 0506"]
[Site "Czech Republic"]
[Date "2005.12.18"]
[Round "5.4"]
[White "Kozak, Pavel"]
[Black "Kociscak, Jiri"]
[Result "1/2-1/2"]
[WhiteElo "2176"]
[BlackElo "2050"]
[PlyCount "108"]
[EventDate "2005.10.16"]
[EventType "team"]
[EventRounds "11"]
[EventCountry "CZE"]
[SourceTitle "EXT 2009"]
[Source "ChessBase"]
[SourceDate "2008.11.26"]
[SourceVersion "1"]
[SourceVersionDate "2008.11.26"]
[SourceQuality "1"]

1. e4 c5 2. c4 Nc6 3. Nc3 g6 4. g3 Bg7 5. Bg2 e6 6. Nge2 Nge7 7. 0-0 0-0 8. d3 h6 9. Be3 Nd4 10. Qd2 Kh7 11. f4 d6 12. Rab1 Nec6 13. Nb5 Nxe2+ 14. Qxe2 a6 15. Nc3 f5 16. Rfe1 Bd7 17. e5 Qc7 18. Qf2 b6 19. d4 dxe5 20. dxe5 Rac8 21. Red1 Rfd8 22. Rd2 Bf8 23. Rbd1 Nd4 24. b3 Bc6 25. Ne2 Bxg2 26. Qxg2 Nc2 27. Qf3 b5 28. Nc1 Nxe3 29. Qxe3 bxc4 30. bxc4 Be7 31. Nb3 g5 32. Rxd8 Rxd8 33. Rxd8 Qxd8 34. Qd2 Qc7 35. Kf1 gxf4 36. gxf4 Qb7 37. Qg2 Qb4 38. Nd2 Qb2 39. Ke2 Qb6 40. Qg3 Qd8 41. Qg2 Qc8 42. Nb3 Bd8 43. Qg1 Qc6 44. Qxc5 Qe4+ 45. Kd1 Qh1+ 46. Kc2 Qxh2+ 47. Nd2 Qxf4 48. Qf8 Qg5 49. Qf7+ Qg7 50. Qxe6 f4 51. Kd1 Qg1+ 52. Ke2 Qg2+ 53. Kd1 Qg1+ 54. Ke2 Qg2+ 1/2-1/2

[Event "Pobeskydy Alpress 16th"]
[Site "Frydek Mistek"]
[Date "2005.03.24"]
[Round "1"]
[White "Kozak, Pavel"]
[Black "Diviak, Rastislav"]
[Result "1-0"]
[WhiteElo "2185"]
[BlackElo "1914"]
[PlyCount "71"]
[EventDate "2005.03.24"]
[EventType "swiss"]
[EventRounds "9"]
[EventCountry "CZE"]
[SourceTitle "CBM 105 Extra"]
[Source "ChessBase"]
[SourceDate "2005.05.01"]
[SourceVersion "1"]
[SourceVersionDate "2005.05.01"]
[SourceQuality "1"]

1. e4 d6 2. d4 Nf6 3. Nc3 g6 4. Bc4 Bg7 5. Nge2 c6 6. a4 0-0 7. 0-0 Nbd7 8. Kh1 Nxe4 9. Bxf7+ Rxf7 10. Nxe4 Nf6 11. Ng5 Rf8 12. Nf4 Re8 13. Nge6 Bxe6 14. Nxe6 Qd7 15. Re1 Nd5 16. c4 Nc7 17. Nxg7 Kxg7 18. Ra3 Rf8 19. Rae3 Rae8 20. Kg1 e6 21. Qg4 Rf5 22. Rh3 Qf7 23. Be3 Kg8 24. Qd1 d5 25. b3 e5 26. g4 Rf6 27. dxe5 Rxe5 28. Bxa7 Rxe1+ 29. Qxe1 dxc4 30. Re3 Rf4 31. h3 Rf3 32. Re7 Qf4 33. Bb8 Rxh3 34. Bxc7 Qxg4+ 35. Bg3 Qh5 36. Qe6+ 1-0

[Event "Pobeskydy Alpress 16th"]
[Site "Frydek Mistek"]
[Date "2005.03.24"]
[Round "2"]
[White "Zochowski, Piotr"]
[Black "Kozak, Pavel"]
[Result "0-1"]
[WhiteElo "2053"]
[BlackElo "2185"]
[PlyCount "76"]
[EventDate "2005.03.24"]
[EventType "swiss"]
[EventRounds "9"]
[EventCountry "CZE"]
[SourceTitle "CBM 105 Extra"]
[Source "ChessBase"]
[SourceDate "2005.05.01"]
[SourceVersion "1"]
[SourceVersionDate "2005.05.01"]
[SourceQuality "1"]

1. e4 c5 2. Nf3 d6 3. d4 cxd4 4. Nxd4 Nf6 5. Nc3 a6 6. a4 e6 7. Be3 Be7 8. Be2 0-0 9. 0-0 Qc7 10. f4 b6 11. Qe1 Bb7 12. Bf3 Nbd7 13. Nb3 Nc5 14. Nd2 Rfd8 15. f5 d5 16. exd5 Nxd5 17. Nxd5 Bxd5 18. fxe6 Nxe6 19. Qf2 Bc5 20. Bxc5 Nxc5 21. c4 Bxf3 22. Nxf3 Nd3 23. Qc2 Qc5+ 24. Kh1 Ra7 25. Rad1 Rad7 26. Rd2 h6 27. Re2 a5 28. b3 f6 29. Re4 Re7 30. Qe2 Rxe4 31. Qxe4 Nf2+ 32. Rxf2 Qxf2 33. h3 Qc5 34. Kh2 Qd6+ 35. g3 Kf7 36. h4 Re8 37. Qc2 Qc5 38. Kg2 Qe3 0-1